[Event "SRB-chT Premier"]
[Site "Ruma"]
[Date "2020.10.03"]
[Round "11.6"]
[White "Stamenkovic, Aleksandar"]
[Black "Kosic, Dragan"]
[Result "1/2-1/2"]
[WhiteElo "2179"]
[BlackElo "2442"]
[PlyCount "102"]
[EventDate "2020.09.25"]
[EventType "team-tourn"]
[EventRounds "11"]
[EventCountry "SRB"]
[SourceTitle "CBM 198 Extra"]
[Source "ChessBase"]
[SourceDate "2020.11.30"]
[SourceVersion "1"]
[SourceVersionDate "2020.11.30"]
[SourceQuality "1"]
[WhiteTeam "Nova Pazova Mladost"]
[BlackTeam "Ruma Sloven"]
[WhiteTeamCountry "SRB"]
[BlackTeamCountry "SRB"]

1. d4 Nf6 2. Nf3 e6 3. Bf4 b6 4. e3 Bb7 5. Nbd2 d6 6. Be2 Nbd7 7. c3 g6 8. Nc4 Qe7 9. a4 a6 10. h3 Bg7 11. Qb3 0-0 12. 0-0 Rab8 13. Qa3 Ne4 14. Nfd2 Nxd2 15. Nxd2 Rfe8 16. Bf3 Bxf3 17. Nxf3 e5 18. Bh2 Qe6 19. Qa2 Qxa2 20. Rxa2 f6 21. Raa1 Kf7 22. Rfd1 Nf8 23. Ne1 Ne6 24. Nd3 c5 25. d5 Nf8 26. Kf1 Nd7 27. e4 f5 28. f3 h5 29. b4 Rec8 30. b5 Ra8 31. c4 Ra7 32. bxa6 Rxa6 33. Ra2 Rca8 34. Rda1 Ke7 35. Ke2 Nf6 36. Nf2 Bh6 37. Kd3 Kd7 38. Nd1 h4 39. Nc3 Nh5 40. Rb1 Bg5 41. Rab2 Bd8 42. Ra2 Rc8 43. Rba1 Bf6 44. Rb1 Nf4+ 45. Bxf4 exf4 46. Rab2 fxe4+ 47. fxe4 Rb8 48. Ra2 Rba8 49. Rab2 Rb8 50. Ra2 Kc8 51. Nb5 Be5 1/2-1/2

[Event "SRB-chT Premier"]
[Site "Ruma"]
[Date "2020.10.01"]
[Round "9.5"]
[White "Popovic, Dusan"]
[Black "Stamenkovic, Aleksandar"]
[Result "1/2-1/2"]
[WhiteElo "2500"]
[BlackElo "2179"]
[PlyCount "89"]
[EventDate "2020.09.25"]
[EventType "team-tourn"]
[EventRounds "11"]
[EventCountry "SRB"]
[SourceTitle "CBM 198 Extra"]
[Source "ChessBase"]
[SourceDate "2020.11.30"]
[SourceVersion "1"]
[SourceVersionDate "2020.11.30"]
[SourceQuality "1"]
[WhiteTeam "Subotica Spartak"]
[BlackTeam "Nova Pazova Mladost"]
[WhiteTeamCountry "SRB"]
[BlackTeamCountry "SRB"]

1. d4 Nf6 2. Nf3 e6 3. Bf4 d5 4. e3 Bd6 5. Bg3 c5 6. Bb5+ Nc6 7. Nbd2 cxd4 8. exd4 Bxg3 9. hxg3 Bd7 10. c3 Qb6 11. Bxc6 Bxc6 12. Qc2 h6 13. Ne5 Qc7 14. 0-0-0 0-0-0 15. Rde1 Rdf8 16. Re3 Nd7 17. Ndf3 Nf6 18. Nd2 Nd7 19. Rhe1 Kb8 20. Kb1 Nxe5 21. Rxe5 Rc8 22. Nf3 Bb5 23. R5e3 Rhe8 24. Ne5 Rh8 25. Qb3 a6 26. Rf3 Rhf8 27. Qb4 Bc6 28. Qc5 Bb5 29. Qb4 Bc6 30. b3 a5 31. Nxc6+ Qxc6 32. Qxa5 Rc7 33. Kb2 Rfc8 34. Qb4 Qd7 35. a4 Ka7 36. Rfe3 Rc6 37. Rc1 Rb6 38. Qa3 Ra6 39. Ra1 b5 40. a5 Rac6 41. Qb4 Ka6 42. f4 g6 43. g4 Qc7 44. Rf1 Rg8 45. Rh3 1/2-1/2

[Event "SRB-chT Premier"]
[Site "Ruma"]
[Date "2020.09.30"]
[Round "8.3"]
[White "Stamenkovic, Aleksandar"]
[Black "Kovacevic, Aleksandar"]
[Result "1/2-1/2"]
[WhiteElo "2179"]
[BlackElo "2474"]
[PlyCount "80"]
[EventDate "2020.09.25"]
[EventType "team-tourn"]
[EventRounds "11"]
[EventCountry "SRB"]
[SourceTitle "CBM 198 Extra"]
[Source "ChessBase"]
[SourceDate "2020.11.30"]
[SourceVersion "1"]
[SourceVersionDate "2020.11.30"]
[SourceQuality "1"]
[WhiteTeam "Nova Pazova Mladost"]
[BlackTeam "Novi Sad SK"]
[WhiteTeamCountry "SRB"]
[BlackTeamCountry "SRB"]

1. d4 Nf6 2. Nf3 e6 3. Bf4 c5 4. e3 d5 5. Nbd2 Nc6 6. c3 Be7 7. h3 Bd6 8. Bxd6 Qxd6 9. Bd3 0-0 10. 0-0 e5 11. dxe5 Nxe5 12. Nxe5 Qxe5 13. Nf3 Qe7 14. Qa4 Bd7 15. Qh4 Rfe8 16. Rad1 a5 17. c4 dxc4 18. Bxc4 b5 19. Be2 Bc6 20. Rc1 h6 21. Nd2 c4 22. Bf3 Bxf3 23. Nxf3 Qb4 24. Rc2 Qa4 25. Rfc1 Qxa2 26. Nd4 Qa4 27. Nf5 Re6 28. Qg3 Ne8 29. Qf3 Rd8 30. Nd4 Rf6 31. Qb7 Nd6 32. Qc7 Rf8 33. Nc6 Ne4 34. f3 Ng5 35. Ne7+ Kh7 36. h4 Ne6 37. Qe5 Qb3 38. Nd5 Rg6 39. Ne7 Rf6 40. Nd5 Rg6 1/2-1/2

[Event "MNT-chT"]
[Site "Niksic"]
[Date "2018.08.10"]
[Round "4.3"]
[White "Stamenkovic, Aleksandar"]
[Black "Raicevic, Momcilo"]
[Result "0-1"]
[WhiteElo "2172"]
[BlackElo "2311"]
[PlyCount "108"]
[EventDate "2018.08.07"]
[EventType "team-tourn"]
[EventRounds "9"]
[EventCountry "MNE"]
[SourceTitle "CBM 186 Extra"]
[Source "ChessBase"]
[SourceDate "2018.08.24"]
[SourceVersion "1"]
[SourceVersionDate "2018.08.24"]
[SourceQuality "1"]
[WhiteTeam "Rokada"]
[BlackTeam "Rudar"]
[WhiteTeamCountry "MNE"]
[BlackTeamCountry "MNE"]

1. d4 d5 2. c4 c6 3. Nf3 Nf6 4. e3 e6 5. b3 Nbd7 6. Bd3 a5 7. 0-0 a4 8. Bb2 Be7 9. Nbd2 0-0 10. Qc2 a3 11. Bc3 h6 12. c5 b6 13. b4 bxc5 14. dxc5 Qc7 15. e4 e5 16. Nb3 d4 17. Bd2 Rd8 18. Bc1 Nf8 19. Nbd2 Be6 20. Nc4 N6d7 21. Nxa3 Rdb8 22. Rb1 Qa7 23. Nc4 Ng6 24. a3 Bg4 25. Nfd2 Nf4 26. Nb3 Nxd3 27. Qxd3 Be6 28. Nba5 Qc7 29. Nb3 g5 30. Ra1 Rf8 31. Nbd2 Kg7 32. Bb2 Rab8 33. Qg3 Rb7 34. Rac1 f6 35. Qd3 Rbb8 36. Rb1 Rfd8 37. Ba1 Ra8 38. Qc2 Nf8 39. a4 Ng6 40. g3 Kh7 41. Rfc1 Rg8 42. Kf1 Rad8 43. Qd3 h5 44. Bb2 h4 45. Ba3 hxg3 46. hxg3 Bh3+ 47. Ke2 Qd7 48. Rh1 Kg7 49. b5 Qg4+ 50. Nf3 Bg2 51. Rh2 Bxf3+ 52. Qxf3 Nf4+ 53. gxf4 d3+ 54. Kd2 Qxf3 0-1

[Event "MNT-chT"]
[Site "Niksic"]
[Date "2018.08.08"]
[Round "2.2"]
[White "Stamenkovic, Aleksandar"]
[Black "Kalezic, Blazo"]
[Result "0-1"]
[WhiteElo "2172"]
[BlackElo "2449"]
[PlyCount "64"]
[EventDate "2018.08.07"]
[EventType "team-tourn"]
[EventRounds "9"]
[EventCountry "MNE"]
[SourceTitle "CBM 186 Extra"]
[Source "ChessBase"]
[SourceDate "2018.08.24"]
[SourceVersion "1"]
[SourceVersionDate "2018.08.24"]
[SourceQuality "1"]
[WhiteTeam "Rokada"]
[BlackTeam "Buducnost"]
[WhiteTeamCountry "MNE"]
[BlackTeamCountry "MNE"]

1. d4 d5 2. Nf3 Nf6 3. c4 c6 4. e3 e6 5. b3 Nbd7 6. Bd3 Ne4 7. 0-0 Bd6 8. Bb2 0-0 9. Qc2 f5 10. Ba3 Bxa3 11. Nxa3 Rf6 12. Ne5 Nxe5 13. dxe5 Rh6 14. f3 Qh4 15. fxe4 Qxh2+ 16. Kf2 Rg6 17. Rg1 fxe4 18. Bxe4 dxe4 19. Qxe4 Bd7 20. c5 Rf8+ 21. Ke2 Be8 22. Nc4 Rg4 23. Qxg4 Bh5 24. Qxh5 Qxh5+ 25. g4 Qh2+ 26. Kd3 b5 27. cxb6 axb6 28. Nxb6 Rd8+ 29. Ke4 Qc2+ 30. Kf4 Rf8+ 31. Kg5 Rf3 32. e4 Qd2+ 0-1

[Event "MNT-chT"]
[Site "Niksic"]
[Date "2018.08.07"]
[Round "1.5"]
[White "Stamenkovic, Aleksandar"]
[Black "Draskovic, Luka"]
[Result "0-1"]
[WhiteElo "2172"]
[BlackElo "2444"]
[PlyCount "70"]
[EventDate "2018.08.07"]
[EventType "team-tourn"]
[EventRounds "9"]
[EventCountry "MNE"]
[SourceTitle "CBM 186 Extra"]
[Source "ChessBase"]
[SourceDate "2018.08.24"]
[SourceVersion "1"]
[SourceVersionDate "2018.08.24"]
[SourceQuality "1"]
[WhiteTeam "Rokada"]
[BlackTeam "Elektroprivreda"]
[WhiteTeamCountry "MNE"]
[BlackTeamCountry "MNE"]

1. d4 Nf6 2. Nf3 g6 3. c4 Bg7 4. Nc3 d6 5. e4 0-0 6. Be2 c6 7. 0-0 e5 8. Be3 Nbd7 9. Qc2 Ng4 10. Bg5 Bf6 11. Bxf6 Ngxf6 12. Rad1 Qe7 13. Rfe1 Re8 14. Qd2 Kg7 15. Bf1 b6 16. b4 Bb7 17. d5 c5 18. b5 Nf8 19. a4 Bc8 20. h3 a5 21. bxa6 Rxa6 22. Ra1 Bd7 23. Qc2 Rea8 24. Nb5 Ne8 25. Bd3 g5 26. Qd2 Bxb5 27. cxb5 Rxa4 28. Rxa4 Rxa4 29. Nxg5 Ng6 30. Nf3 Ra3 31. Bf1 Nf6 32. Qg5 h6 33. Qf5 Ra2 34. Rd1 Qe8 35. g3 Ne7 0-1

[Event "Vojvodina-chT"]
[Site "Novi Sad"]
[Date "2017.11.17"]
[Round "6.3"]
[White "Doric, Nenad"]
[Black "Stamenkovic, Aleksandar"]
[Result "1/2-1/2"]
[WhiteElo "2255"]
[BlackElo "2181"]
[PlyCount "58"]
[EventDate "2017.11.13"]
[EventType "team-tourn"]
[EventRounds "11"]
[EventCountry "SRB"]
[SourceTitle "CBM 181 Extra"]
[Source "ChessBase"]
[SourceDate "2017.12.12"]
[SourceVersion "1"]
[SourceVersionDate "2017.12.12"]
[SourceQuality "1"]
[WhiteTeam "Subotica Spartak"]
[BlackTeam "Indija Sloga"]
[WhiteTeamCountry "SRB"]
[BlackTeamCountry "SRB"]

1. e4 e5 2. Nf3 Nc6 3. Nc3 Nf6 4. Bb5 Bb4 5. 0-0 0-0 6. d3 Bxc3 7. bxc3 d6 8. Bg5 Ne7 9. Nh4 Ng6 10. Bc4 Nxh4 11. Bxh4 h6 12. Rb1 c6 13. Bb3 b5 14. Kh1 g5 15. Bg3 Be6 16. Re1 Qe7 17. d4 Bxb3 18. axb3 a5 19. f3 a4 20. Ra1 Qe6 21. c4 axb3 22. cxb3 bxc4 23. bxc4 c5 24. dxc5 dxc5 25. Rxa8 Rxa8 26. Qb3 Nh5 27. Bf2 Nf4 28. Bxc5 Rc8 29. Be3 Qxc4 1/2-1/2

[Event "Vojvodina-chT"]
[Site "Novi Sad"]
[Date "2017.11.15"]
[Round "3.4"]
[White "Sukovic, Srdjan"]
[Black "Stamenkovic, Aleksandar"]
[Result "1-0"]
[WhiteElo "1995"]
[BlackElo "2181"]
[PlyCount "91"]
[EventDate "2017.11.13"]
[EventType "team-tourn"]
[EventRounds "11"]
[EventCountry "SRB"]
[SourceTitle "CBM 181 Extra"]
[Source "ChessBase"]
[SourceDate "2017.12.12"]
[SourceVersion "1"]
[SourceVersionDate "2017.12.12"]
[SourceQuality "1"]
[WhiteTeam "Srpska Crnja Buducnost"]
[BlackTeam "Indija Sloga"]
[WhiteTeamCountry "SRB"]
[BlackTeamCountry "SRB"]

1. e4 c5 2. Nf3 Nc6 3. d4 cxd4 4. Nxd4 Nf6 5. Nc3 Qb6 6. Nb3 e6 7. a3 a6 8. Be3 Qc7 9. f4 d6 10. Bd3 b5 11. 0-0 Be7 12. Qe1 Bb7 13. Qg3 0-0-0 14. h3 d5 15. exd5 exd5 16. Ne2 Ne4 17. Bxe4 dxe4 18. Qxg7 Rhg8 19. Qxh7 Bf6 20. Qf5+ Qd7 21. Qxd7+ Rxd7 22. Nc5 Re7 23. Nxb7 Kxb7 24. a4 b4 25. Rab1 Rd7 26. Rfd1 Rgd8 27. Rxd7+ Rxd7 28. Ng3 Re7 29. Nf5 Re6 30. Rd1 Kc7 31. b3 Nd8 32. Bd4 Bxd4+ 33. Rxd4 a5 34. Kf1 Nb7 35. g4 Nc5 36. Ke2 Re8 37. Ke3 Rh8 38. h4 Rg8 39. g5 Rh8 40. Rc4 Kb6 41. Rd4 Kc7 42. Rd1 Kc6 43. Rh1 Kd5 44. h5 Ke6 45. Ng3 Kd5 46. h6 1-0

[Event "Vojvodina-chT"]
[Site "Kac"]
[Date "2016.11.20"]
[Round "8.4"]
[White "Stamenkovic, Aleksandar"]
[Black "Kovacevic, Dragan"]
[Result "1/2-1/2"]
[WhiteElo "2203"]
[BlackElo "2235"]
[PlyCount "40"]
[EventDate "2016.11.15"]
[EventType "team-tourn"]
[EventRounds "11"]
[EventCountry "SRB"]
[SourceTitle "CBM 175 Extra"]
[Source "ChessBase"]
[SourceDate "2016.12.12"]
[SourceVersion "1"]
[SourceVersionDate "2016.12.12"]
[SourceQuality "1"]
[WhiteTeam "Sloga"]
[BlackTeam "Stara Pazova"]
[WhiteTeamCountry "SRB"]
[BlackTeamCountry "SRB"]

1. Nf3 d6 2. d4 Nf6 3. c3 Nbd7 4. Nbd2 c6 5. e4 e5 6. Bd3 Be7 7. 0-0 0-0 8. Re1 Re8 9. Nf1 Bf8 10. Ng3 g6 11. Qb3 Qb6 12. Bc4 Qxb3 13. Bxb3 a5 14. a4 Bg7 15. Be3 h6 16. Rad1 Bf8 17. h3 Kg7 18. Rd2 Rb8 19. d5 c5 20. c4 b6 1/2-1/2